000 00339 a2200157 4500
001 61235
020 _a
040 _cAnchieta - Pituba
100 _aHaeckel, Ernst
240 1 0 _aA Origem do Homem
_lpor
245 1 0 _aA Origem do Homem
300 _a79
362 0 _a1989
650 4 _aFisiologia e assuntos relacionados
942 _cBK
999 _c61235
_d61235